| 000 | 00548nam a2200181 u 4500 | ||
|---|---|---|---|
| 005 | 20210223131052.0 | ||
| 008 | 090812s2004 r 000 0 eng d | ||
| 020 | _a9707019050 | ||
| 035 | _aUPN01000171839 | ||
| 049 | _aCG | ||
| 050 | 4 |
_aKGF2929 _bD4.3 |
|
| 100 | 1 | _aDeloya Cobián, Guillermo | |
| 245 | 1 | 3 |
_aEl estado de derecho en México / _cGuillermo Deloya. |
| 260 |
_aMéxico : _bM. A. Porrúa, _bBenemérita Universidad Autónoma de Puebla, _c2007. |
||
| 300 | _a382 p. | ||
| 650 | 4 |
_aESTADO DE DERECHO - _zMEXICO _915186 |
|
| 905 | _aLibro | ||
| 999 |
_c143943 _d143943 |
||